INTRODUCTION TO BIVARIATE AND MULTIVARIATE ANALYSIS / (Record no. 13360)
[ view plain ]
| 000 -الفاتح | |
|---|---|
| حقل البيانات ثابتة الطول | 00562nam a2200205Ia 4500 |
| 008 - عناصر البيانات ثابتة الطول - معلومات عامة | |
| حقل البيانات ثابتة الطول | 140319s9999 xx 000 0 eng d |
| 040 ## - مصدر الفهرسة | |
| وكالة الفهرسة الأصلية | GCL / |
| وكالة النسخ | GCL |
| 082 04 - رقم تصنيف ديوى العشرى | |
| رقم التصنيف | 519.53 |
| رقم المادة | L I |
| 100 1# - المدخل الرئيسى - إسم شخصى | |
| الإسم الشخصى | MERENDA, PETER F |
| 245 10 - بيان العنوان | |
| العنوان | INTRODUCTION TO BIVARIATE AND MULTIVARIATE ANALYSIS / |
| بيان المسئوليه,etc | MERENDA, PETER F |
| 700 1# - المدخل الاضافى - اسم شخصى | |
| الإسم الشخصى | LINDEMAN, RICHARD |
| 700 1# - المدخل الاضافى - اسم شخصى | |
| الإسم الشخصى | GOLD, RUTH Z |
| 300 ## - الوصف المادى | |
| التعداد | 444 P |
| 650 04 - المدخل الاضافى بالموضوع-مصطلح موضوعى | |
| مصطلح موضوعي | NATURAL SCIENCE |
| 650 04 - المدخل الاضافى بالموضوع-مصطلح موضوعى | |
| مصطلح موضوعي | MULTIVARIATE ANALYSIS |
| 650 04 - المدخل الاضافى بالموضوع-مصطلح موضوعى | |
| مصطلح موضوعي | BIVARIATE |
| 942 ## - عناصر المدخل الإضافي( كوها) | |
| مصدر التصنيف او مخطط الترفيف | Dewey Decimal Classification |
| Koha [default] item type | كتاب |
| 260 ## - PUBLICATION, DISTRIBUTION, ETC. (IMPRINT) | |
| -- | [S.N] : |
| -- | SCOTT, FORESMAN AND COMPANY |
| حالة التراجع | حالة الفقد | حالة تلف | ليس للاعارة | المكان المؤقت | الموقع الحالى | تاريخ الاكتساب | اجمالي اﻻعارات | رقم الطلب | الباركود | تاريخ اخر مشاهدة | تاريخ تفعيل السعر | نوع وعاء كوها |
|---|---|---|---|---|---|---|---|---|---|---|---|---|
| مكتبة القاهرة الكبرى | مكتبة القاهرة الكبرى | 03/26/2014 | 519.53\L I | 25628 | 03/26/2014 | 03/26/2014 | كتاب |

